| 000 | 008200000a22002410004500 | ||
|---|---|---|---|
| 090 |
_aAR _b01197 |
||
| 245 | 1 | 0 | _aNew species of mammals from northern South America: a sword-nosed bat, genus Lonchorhina tomes (<Chiroptera: Phyllostomidae>) |
| 650 | 1 | 4 |
_aMamíferos _992510 |
| 650 | 1 | 4 |
_aMurciélagos _92659 |
| 650 | 1 | 4 |
_aNuevas especies _992905 |
| 650 | 1 | 4 |
_aTaxonomía animal _98245 |
| 650 | 1 | 4 |
_aBosques húmedos _993983 |
| 651 | 4 |
_Venezuela _992749 |
|
| 651 | 4 |
_pSurinam _992749 |
|
| 651 | 4 |
_pGuyana francesa _992749 |
|
| 651 | 4 |
_pBrasil _992749 |
|
| 653 |
_fPhyllostomidae _gLonchorhina _eLonchorhina tomes |
||
| 041 | 0 | _aInglés | |
| 700 | 1 |
_aOchoa G., José _912291 |
|
| 100 | 1 |
_aHandley, Charles O. _993068 |
|
| 942 | _cARTICULO | ||
| 773 | 1 |
_tSociedad de Ciencias Naturales La Salle _3444 _h148 _q71-82 _d1997 _g57 |
|
| 999 |
_c10283 _d10283 |
||